| 000 | 00364 a2200157 4500 | ||
|---|---|---|---|
| 001 | 157436 | ||
| 020 | _a978-85-8041-967-2 | ||
| 040 | _cEscola São Tomás de Aquino | ||
| 100 | _aCOBEN, Harlan | ||
| 240 | 1 | 0 |
_aQuando ela se foi _lpor |
| 245 | 1 | 0 | _aQuando ela se foi |
| 300 | _a256 | ||
| 362 | 0 | _a2019 | |
| 697 | _aRomance / Ficção americana | ||
| 942 | _cBK | ||
| 999 |
_c157436 _d157436 |
||